<?xml version="1.0" encoding="UTF-8"?><?xml-stylesheet type="text/xsl" href="static/style.xsl"?><OAI-PMH xmlns="http://www.openarchives.org/OAI/2.0/" xmlns:xsi="http://www.w3.org/2001/XMLSchema-instance" xsi:schemaLocation="http://www.openarchives.org/OAI/2.0/ http://www.openarchives.org/OAI/2.0/OAI-PMH.xsd"><responseDate>2026-04-27T14:39:27Z</responseDate><request verb="GetRecord" identifier="oai:uvadoc.uva.es:10324/82162" metadataPrefix="marc">https://uvadoc.uva.es/oai/request</request><GetRecord><record><header><identifier>oai:uvadoc.uva.es:10324/82162</identifier><datestamp>2026-04-08T06:08:37Z</datestamp><setSpec>com_10324_1191</setSpec><setSpec>com_10324_931</setSpec><setSpec>com_10324_894</setSpec><setSpec>col_10324_1379</setSpec></header><metadata><record xmlns="http://www.loc.gov/MARC21/slim" xmlns:doc="http://www.lyncode.com/xoai" xmlns:xsi="http://www.w3.org/2001/XMLSchema-instance" xmlns:dcterms="http://purl.org/dc/terms/" xsi:schemaLocation="http://www.loc.gov/MARC21/slim http://www.loc.gov/standards/marcxml/schema/MARC21slim.xsd">
<leader>00925njm 22002777a 4500</leader>
<datafield tag="042" ind1=" " ind2=" ">
<subfield code="a">dc</subfield>
</datafield>
<datafield tag="720" ind1=" " ind2=" ">
<subfield code="a">Saoudi, Hichem</subfield>
<subfield code="e">author</subfield>
</datafield>
<datafield tag="720" ind1=" " ind2=" ">
<subfield code="a">Antón Rodríguez, Miriam</subfield>
<subfield code="e">author</subfield>
</datafield>
<datafield tag="720" ind1=" " ind2=" ">
<subfield code="a">De la Calle, Beatriz</subfield>
<subfield code="e">author</subfield>
</datafield>
<datafield tag="720" ind1=" " ind2=" ">
<subfield code="a">Simón Martínez, Cristina</subfield>
<subfield code="e">author</subfield>
</datafield>
<datafield tag="720" ind1=" " ind2=" ">
<subfield code="a">González Ortega, David</subfield>
<subfield code="e">author</subfield>
</datafield>
<datafield tag="720" ind1=" " ind2=" ">
<subfield code="a">Martínez Zarzuela, Mario</subfield>
<subfield code="e">author</subfield>
</datafield>
<datafield tag="260" ind1=" " ind2=" ">
<subfield code="c">2025</subfield>
</datafield>
<datafield tag="520" ind1=" " ind2=" ">
<subfield code="a">Cerebral Palsy (CP) is a major cause of physical disability in childhood, with physical rehabilitation crucial for improving function. Telerehabilitation is increasingly important, driven by the growth of ICT and the COVID-19 pandemic. Chatbots offer a promising way to support home-based therapies and improve patient adherence. RehaBot, a chatbot-based system, was developed to provide this support. Future versions aim to integrate automated activity recognition to enhance the platform.</subfield>
</datafield>
<datafield tag="024" ind2=" " ind1="8">
<subfield code="a">Gait &amp; Posture, 2025, Vol., 121 Supl.,  pp.  216-217</subfield>
</datafield>
<datafield tag="024" ind2=" " ind1="8">
<subfield code="a">0966-6362</subfield>
</datafield>
<datafield tag="024" ind2=" " ind1="8">
<subfield code="a">https://uvadoc.uva.es/handle/10324/82162</subfield>
</datafield>
<datafield tag="024" ind2=" " ind1="8">
<subfield code="a">10.1016/j.gaitpost.2025.07.233</subfield>
</datafield>
<datafield tag="024" ind2=" " ind1="8">
<subfield code="a">216</subfield>
</datafield>
<datafield tag="024" ind2=" " ind1="8">
<subfield code="a">217</subfield>
</datafield>
<datafield tag="024" ind2=" " ind1="8">
<subfield code="a">Gait &amp; Posture</subfield>
</datafield>
<datafield tag="024" ind2=" " ind1="8">
<subfield code="a">121</subfield>
</datafield>
<datafield tag="245" ind1="0" ind2="0">
<subfield code="a">RehaBot: enhancing cerebral palsy rehabilitation with a chatbot and assessment of video-based activity recognition</subfield>
</datafield>
</record></metadata></record></GetRecord></OAI-PMH>